| Tag |
First Indicator |
Second Indicator |
Subfields |
| LEADER |
00000cam a2200000 a 4500 |
| 001 |
in00000018257 |
| 005 |
20231113193158.7 |
| 008 |
860709s1985 nyua c 001 0deng d |
| 019 |
|
|
|a 1064712014
|
| 020 |
|
|
|a 0831773758
|
| 020 |
|
|
|a 9780831773755
|
| 029 |
1 |
|
|a AU@
|b 000069494774
|
| 035 |
|
|
|a (OCoLC)ocm13843056
|
| 035 |
|
|
|a (OCoLC)13843056
|z (OCoLC)1064712014
|
| 035 |
|
|
|a (OCoLC)ocm13843056
|
| 040 |
|
|
|a OCP
|b eng
|c OCP
|d OSU
|d OCLCQ
|d OCLCG
|d MTG
|d LMR
|d OCLCQ
|d ZP2
|d OCLCQ
|d OCLCO
|d OCLCF
|d OCLCO
|d ALAMR
|d GILDS
|d OCLCO
|d TUFTV
|d EUQ
|d CBA
|d OCLCO
|d OCLCQ
|d OCLCO
|d OCL
|d OCLCO
|d OCLCQ
|
| 043 |
|
|
|a n-usp--
|
| 050 |
|
4 |
|a N6537.R4 F5 1985
|
| 060 |
|
4 |
|a ND 237 R38
|b A4 1985
|
| 082 |
0 |
4 |
|a 758/.9978
|2 19
|
| 082 |
0 |
4 |
|a 759.13
|b R388fi
|
| 100 |
1 |
|
|a Fisher, Leonard Everett.
|
| 245 |
1 |
0 |
|a Remington and Russell /
|c Leonard Everett Fisher.
|
| 260 |
|
|
|a New York, N.Y. :
|b Gallery Books,
|c 1985.
|
| 300 |
|
|
|a 128 pages :
|b color illustrations ;
|c 32 cm
|
| 336 |
|
|
|a text
|b txt
|2 rdacontent
|
| 337 |
|
|
|a unmediated
|b n
|2 rdamedia
|
| 338 |
|
|
|a volume
|b nc
|2 rdacarrier
|
| 500 |
|
|
|a "A Bison book."
|
| 500 |
|
|
|a Includes index.
|
| 600 |
1 |
0 |
|a Remington, Frederic,
|d 1861-1909
|v Catalogs.
|
| 600 |
1 |
0 |
|a Russell, Charles M.
|q (Charles Marion),
|d 1864-1926
|v Catalogs.
|
| 651 |
|
0 |
|a West (U.S.)
|v In art
|v Catalogs.
|
| 600 |
1 |
7 |
|a Remington, Frederic,
|d 1861-1909.
|2 fast
|0 (OCoLC)fst00031292
|
| 600 |
1 |
7 |
|a Russell, Charles M.
|q (Charles Marion),
|d 1864-1926.
|2 fast
|0 (OCoLC)fst00046808
|
| 651 |
|
7 |
|a West United States.
|2 fast
|0 (OCoLC)fst01243255
|
| 655 |
|
2 |
|a Catalog
|
| 655 |
|
7 |
|a catalogs (documents)
|2 aat
|
| 655 |
|
7 |
|a Catalogs.
|2 fast
|0 (OCoLC)fst01423692
|
| 655 |
|
7 |
|a Catalogs.
|2 lcgft
|
| 655 |
|
7 |
|a Catalogues.
|2 rvmgf
|
| 776 |
0 |
8 |
|i Online version:
|a Fisher, Leonard Everett.
|t Remington and Russell.
|d New York : Gallery Books, 1985
|w (OCoLC)755558647
|
| 948 |
|
|
|h HELD BY TXA - 354 OTHER HOLDINGS
|
| 994 |
|
|
|a Z0
|b TXA
|
| 999 |
f |
f |
|s d4b2498f-f788-388d-b548-11a48dce3b4b
|i 32b2ca1a-63d5-343d-a33f-8b914b58ba1c
|t 0
|
| 952 |
f |
f |
|p noncirc
|a Texas A&M University
|b College Station
|c Cushing Memorial Library & Archives
|d Cushing: Dykes (Does not check out)
|t 0
|e N6537.R4 F5 1985
|h Library of Congress classification
|i unmediated -- volume
|m A14853125501
|
| 998 |
f |
f |
|a N6537.R4 F5 1985
|t 0
|l Cushing: Dykes (Does not check out)
|